Classement du Ballon d'or 2011 - Statistiques

Statistiques générales
  • Ce quiz a été pris 277 fois
  • Le résultat moyen est 18 sur 23
Statistiques - réponses
Classement Joueur Club du joueur Nationalité % Correct
2 Cristiano Ronaldo Real Madrid Portugal
100%
1 Lionel Messi FC Barcelone Argentine
100%
4 Andrés Iniesta FC Barcelone Espagne
99%
3 Xavi FC Barcelone Espagne
98%
6 Luis Suarez Ajax Amsterdam / Liverpool FC Uruguay
97%
10 Neymar Jr Santos FC Brésil
97%
8 Samuel Eto'o Inter Milan / FK Anji Makhatchkala Cameroun
93%
5 Wayne Rooney Manchester United Angleterre
93%
14 Sergio Agüero Atlético Madrid / Manchester City Argentine
87%
7 Diego Forlan Atlético Madrid / Inter Milan Uruguay
86%
15 Karim Benzema Real Madrid France
85%
17 Thomas Müller Bayern Munich Allemagne
81%
9 Iker Casillas Real Madrid Espagne
78%
13 Dani Alves FC Barcelone Brésil
71%
11 Eric Abidal FC Barcelone France
70%
20 Gerard Piqué FC Barcelone Espagne
68%
16 Cesc Fàbregas Arsenal FC / FC Barcelone Espagne
67%
19 Mesut Özil Real Madrid Allemagne
66%
18 Nani Manchester United Portugal
64%
22 Wesley Sneijder Inter Milan Pays-Bas
63%
23 David Villa FC Barcelone Espagne
58%
12 Xabi Alonso Real Madrid Espagne
58%
21 Bastian Schweinsteiger Bayern Munich Allemagne
43%
Aucun quiz correspondant
Distribution des résultats
% des personnes avec chaque résultat
Percentile par nombre de réponses
Votre historique - résultats
Vous n’avez pas pris ce quiz